Premeny
| Previous Title: | Prešovská zmena |
|---|---|
| Format: | Serial |
| Language: | Slovak |
| PhysicalDescription: | 3 zv. 29 cm |
| Published: |
Prešov
študenti FF a PdF UPJŠ
1990-[1992]
Prešov Radoslav Varga Prešov VÚS |
| Subjects: |
MARC
| LEADER | 00000cas a2200000 a 4500 | ||
|---|---|---|---|
| 001 | vtls009181429 | ||
| 003 | SK-MaSNL | ||
| 005 | 20260228161117.0 | ||
| 008 | 080206d19901992xo wr| 0 b0slo | ||
| 040 | |a SNK |b slo |c SNK |e AACR2 | ||
| 041 | 0 | |a slo | |
| 043 | |a e-xo--- | ||
| 044 | |a xo |c SK | ||
| 072 | 7 | |a 316.7 |x Sociológia kultúry. Kultúrny život |2 konspekt | |
| 072 | 7 | |a 32 |x Politika |2 konspekt | |
| 072 | 7 | |a 352/354 |x Stupne miestnej, oblastnej a ústrednej správy |2 konspekt | |
| 080 | |a 050 |2 2001 | ||
| 080 | |a 316.7 |2 2001 | ||
| 080 | |a 32 |2 2001 | ||
| 080 | |a 353.9 |2 2001 | ||
| 245 | 0 | 0 | |a Premeny |
| 260 | |a Prešov |b študenti FF a PdF UPJŠ |c 1990-[1992] | ||
| 260 | 2 | |3 51/1990-1/1991 |a Prešov |b Radoslav Varga | |
| 260 | 3 | |3 2/1991-21/1991 |a Prešov |b VÚS | |
| 300 | |a 3 zv. |c 29 cm | ||
| 310 | |a 1x týždenne | ||
| 362 | 0 | |a Roč. 2, č. 1 (1990)-[1992] | |
| 500 | |a Podnázov od č. 17/1990: nezávislý týždenník študentského hnutia ; od č. 40/1990 nezávislý týždenník - kultúra - politika - šport | ||
| 500 | |a Registračné číslo: 12/90 | ||
| 650 | 0 | 7 | |a kultúra |2 SNKPH |9 886 |
| 650 | 0 | 7 | |a politika |2 SNKPH |9 968 |
| 650 | 0 | 7 | |a územná samospráva |2 SNKPH |9 802 |
| 651 | 7 | |a Východoslovenský kraj (Slovensko) |2 SNKPH |9 161537 | |
| 655 | 7 | |a regionálne periodiká |2 SNKPH |9 131775 | |
| 780 | 0 | 0 | |t Prešovská zmena |w vtls008737006 |
| 910 | |a snk | ||
| 916 | |a 1990-1991 | ||
| 958 | |a OND | ||
| 999 | |c 4354 |d 6284 | ||
| 952 | |0 0 |1 0 |4 0 |7 0 |a SNK |b SNK |d 2011-08-03 |l 0 |o snkČSB 3970/2/1990 D1 |p 17A0698787 |r 2026-02-21 20:26:50 |t č. 1-52 |w 2026-02-21 |y PREZ | ||
| 952 | |0 0 |1 0 |4 0 |7 0 |a SNK |b SNK |d 2011-08-03 |i snkČSP 3194/94 |l 0 |o snkČSB 3970/3/1991 D1 |p 17A0698786 |r 2026-02-21 20:26:50 |t č. 1-21, neúpl. |w 2026-02-21 |y PREZ |z chýba č. 17 | ||
| 952 | |0 0 |1 0 |3 rekatalogizácia |4 0 |7 0 |a SNK |b SNK |d 2008-02-06 |f 1 |l 0 |o snkČSB 3970/2/1990 |p 17A0568631 |r 2026-02-21 20:38:48 |t č. 1-52 |w 2026-02-21 |y PREZ |z zrezané prír. č. | ||
| 952 | |0 0 |1 0 |4 0 |7 0 |a SNK |b SNK |d 2015-06-16 |f 1 |i snkČSP 3193/94 |l 0 |o snkČSB 3970/3/1991 |p 17A0925169 |r 2026-02-21 21:46:25 |t č. 1-21, neúpl. |w 2026-02-21 |y PREZ |z chýba č. 17 ; podľa informácie v č. 21 vydávanie na 3 týždne zastavené, ďalšie čísla sa vo fonde nenachádzajú | ||


